01082 2200181 4500245005900000020002200059250001100081100001400092700002100106650004300127005001900170260003700189041001400226084001000240300002800250500061300278336000900891 aWinnetou IV b : Ahli Waris WinnetoucMay, KarlhText a978-9-793-93017-6 aCet. 1 aMay, Karl aSamuel Limahekin aFiksi Inggris (dalam Bahasa Indonesia) a20230926084551 aCiputatbPustaka Primatamac2007 aIndonesia a808.8 ax, 506 hlm. :c20.5 cm. aTigapuluh tahun setelah kematian Winnetou, Old Shatterhand menerima surat yang misterius, baik dari teman atau lawannya. Ia tidak bisa mengelak dan terpaksa memenuhi tantangan berduel dari musuh bebuyutannya seperti Tangua, Kepala Suku Kiowa, ataupun To-kei-chun, Kepala Suku Comanche Racurroh. Rupanya, arwah Santer si pembunuh ayah dan adik Winnetou itu-- juga ikut membayanginya. Dunia serasa berhenti berputar ketika ia harus mengunjungi Nugget-tsil alias Gunung Emas, tempat surat wasiat Winnetou disembunyikan. Ia juga harus mengunjungi kembali Danau Kelam, tempat emas Winnetou tenggelam di danau itu. atext